000
00269nam a2200109Ia 4500
008
230907s9999||||xx |||||||||||||| ||und||
082
_a
658.4012
_b
HIL
245
0
_a
Strategic management :
260
_a
Cengage Brain,
_b
Stamford :
_c
2015
300
_a
467 p
942
_c
BK
999
_c
601141
_d
601141